000 00345nam a2200133 i 4500
001 bg
100 1 _aSZENCZYK, D.
245 0 _aPomiary makronaprężeń metodami rentgenograficznymi w materiałach.. /
_cD.Szenczyk.
260 _aPoznań,
_c1988.
040 _cBPK
041 _apol
942 _cKS
008 s pl f |000 0 pol
999 _c28758
_d28758
856 _uhttp://koha.tu.koszalin.pl/cgi-bin/koha/opac-detail.pl?biblionumber=28758
_yKatalog online BPK